Zelda BotW: Alle Rüstungen - Statistiken

Allgemein
  • Dieses Quiz wurde 10 mal gespielt
  • Das Durchschnittsergebnis liegt bei 14 aus 107
Antwortstatistiken
Hinweis Antwort % Korrekt
Reckengewand
80%
Alte Hose
70%
Hylia-Hose
60%
Kostenlos im Spiel Altes Hemd
50%
Monster-Masken Bokblin-Maske
40%
Hylia-Gewand
40%
Hylia-Rüstung
40%
Leunen-Maske
40%
Antike Rüstung
30%
Echsalfos-Maske
30%
Hylia-Helm
30%
Hylia-Kapuze
30%
Krog-Maske
30%
Moblin-Maske
30%
Zora-Rüstung
30%
Anti-Feuer-Helm
20%
Anti-Feuer-Rüstung
20%
Majoras Maske
20%
Ninja-Hose
20%
Ninja-Maske
20%
Orni-Gewand
20%
Orni-Hose
20%
Winterwams
20%
Zora-Helm
20%
Anti-Feuer-Hose
10%
Antiker Beinschutz
10%
Antiker Helm
10%
Anti-Schnee-Federn
10%
Barbarenhose
10%
Barbarenmaske
10%
Gerudo-Schmuck Bernstein-Ohrringe
10%
Damengewand
10%
Damenhose
10%
Damenschleier
10%
Diamant-Stirnband
10%
Donnerhelm
10%
Dunkelgewand
10%
Dunkelhose
10%
Himmelsgewand
10%
Himmelshose
10%
Himmelsmütze
10%
Hylia-Beinschutz
10%
Isolierhelm
10%
Isolierhose
10%
Isolierrüstung
10%
Kletterhandschuhe
10%
Kletterkopftuch
10%
Kletterstiefel
10%
Leuchthose
10%
Leuchtmaske
10%
Medoh-Helm
10%
Midnas Krone
10%
Naboris-Helm
10%
Ninja-Anzug
10%
Opal-Ohrringe
10%
Rhodonit-Stirnband
10%
Rudania-Helm
10%
Ruta-Helm
10%
Sandstiefel
10%
Saphir-Stirnband
10%
Schattengewand
10%
Schattenhose
10%
Schattenmütze
10%
Schneestiefel
10%
Topas-Ohrringe
10%
Ursprungsgewand
10%
Ursprungshose
10%
Ursprungsmütze
10%
Wildnisgewand
10%
Wildnishose
10%
Wildnismütze
10%
Windgewand
10%
Windhose
10%
Windmütze
10%
Zantos Helm
10%
Zeitgewand
10%
Zeithose
10%
Amiibo-exklusiv Zeitmütze
10%
Zora-Beinschutz
10%
Barbarenkleider
0%
Version 1.3.3 Bergungstaucher-Helm
0%
Bergungstaucher-Hose
0%
Bergungstaucher-Weste
0%
Blaues Hummerhemd
0%
Dunkel-Set Dunkelkapuze
0%
Grimmige-Gottheit-Mütze
0%
Grimmige-Gottheit-Panzer
0%
Grimmige-Gottheit-Stiefel
0%
Leibwache-Gewand
0%
Leibwache-Mütze
0%
Leibwache-Stiefel
0%
Leuchtanzug
0%
DLC-exklusiv Nintendo Switch-Hemd
0%
Phantom-Beinschutz
0%
Phantom-Ganon-Helm
0%
Phantom-Ganon-Rüstung
0%
Phantom-Ganon-Stiefel
0%
Phantom-Helm
0%
Phantom-Rüstung
0%
Ravios Mütze
0%
Shiek-Maske
0%
Tingles Hemd
0%
Tingles Kapuze
0%
Tingles Strumpfhose
0%
Wüsten-Beinschutz
0%
Wüsten-Schulterschutz
0%
Wüsten-Stirnschutz
0%
Keine übereinstimmenden Quizze gefunden
Verteilung der Resultate
Anzahl Personen mit jedem Resultat
Perzentil nach korrekt beantworteten Fragen
Ihre Resultats-Entwicklung
Sie haben dieses Quiz noch nicht gespielt